| 000 -LEADER |
| fixed length control field |
00815nam a22002177a 4500 |
| 003 - CONTROL NUMBER IDENTIFIER |
| control field |
OSt |
| 005 - DATE AND TIME OF LATEST TRANSACTION |
| control field |
20260122194948.0 |
| 008 - FIXED-LENGTH DATA ELEMENTS--GENERAL INFORMATION |
| fixed length control field |
230317b ||||| |||| 00| 0 eng d |
| 040 ## - CATALOGING SOURCE |
| Transcribing agency |
Ost |
| 041 ## - LANGUAGE CODE |
| Language code of text/sound track or separate title |
Shan |
| 082 ## - DEWEY DECIMAL CLASSIFICATION NUMBER |
| Classification number |
294.3 |
| 245 ## - TITLE STATEMENT |
| Title |
ပုတ်ႉထၽႃႇသႃႇလီႁူႉလီတွင်း။ |
| Statement of responsibility, etc. |
ၶိင်းမွၵ်ႇၶၼ်းလႅင် ႁႃႁွမ်- |
| 260 ## - PUBLICATION, DISTRIBUTION, ETC. |
| Date of publication, distribution, etc. |
2009 |
| 300 ## - PHYSICAL DESCRIPTION |
| Extent |
(င)၊ 202 ၼႃႈ |
| Dimensions |
21 ၸိၼ်ႇထီႇ |
| 500 ## - GENERAL NOTE |
| General note |
S-SAT: Dr. Prof Sai Aung Tun |
|
| General note |
ပပ်ႉၸဝ်ႈတႃႇၼႁင်းၶေႃ တွၵ်ႉတိူဝ်ႇၸၢႆးဢွင်ႇထုၼ်း |
| 504 ## - BIBLIOGRAPHY, ETC. NOTE |
| Bibliography, etc. note |
ပႃးၽိုၼ်ဢိင် |
| 650 ## - SUBJECT ADDED ENTRY--TOPICAL TERM |
| Topical term or geographic name entry element |
ပုတ်ႉထၽႃႇသႃႇ |
| 942 ## - ADDED ENTRY ELEMENTS (KOHA) |
| Koha item type |
Book (Short term) |
|
| Source of classification or shelving scheme |
|